000
00243nam a2200097Ia 4500
001
1056310
005
20250827001358.0
008
250824s9999 xx 000 0 und d
245
0
_a
ÇALINAN MEKTUP
_c
EDGAR ALLAN POE
260
_b
KETEBE YAYINLARI
999
_c
1056310
_d
1056310